बस पौ फटी है / (Record no. 202515)

MARC details
000 -LEADER
fixed length control field 00809nam a22001937a 4500
005 - DATE AND TIME OF LATEST TRANSACTION
control field 20240501165038.0
010 ## - LCCN (DPL NO)
LC control number HIN-127441
020 ## - INTERNATIONAL STANDARD BOOK NUMBER
International Standard Book Number 9789391881337
Terms of availability 450.00
035 ## - SYSTEM CONTROL NUMBER
System control number HN-99787
037 ## - SOURCE OF ACQUISITION
Source of stock number/acquisition DBAD
082 ## - DEWEY DECIMAL CLASSIFICATION NUMBER
Classification number
100 ## - MAIN ENTRY--PERSONAL NAME
Personal name मल्लिकार्जुना, लता
245 ## - TITLE STATEMENT
Title बस पौ फटी है /
Statement of responsibility, etc लता मल्लिकार्जुना
250 ## - EDITION STATEMENT
Edition statement प्रथम
260 ## - PUBLICATION, DISTRIBUTION, ETC. (IMPRINT)
Place of publication, distribution, etc दिल्ली
Name of publisher, distributor, etc अनंग प्रकाशन
Date of publication, distribution, etc 2023
270 ## - ADDRESS
Address बी-107/1, गली मंदिर वाली समीप रबड़ फैक्ट्री उत्तरी घोंडा
City दिल्ली
Postal code 110053
300 ## - PHYSICAL DESCRIPTION
Extent 208पृ.
Dimensions 22सेमी (सजिल्द)
942 ## - ADDED ENTRY ELEMENTS (KOHA)
Source of classification or shelving scheme Dewey Decimal Classification
Item type Hindi Books
Classification part
Call number suffix मल्लिका
Holdings
Withdrawn status Lost status Not for loan Collection code Home library Current library Date acquired Source of acquisition Cost, normal purchase price Full call number Barcode Copy number Cost, replacement price Koha item type
      Fiction Ashok Vihar Ashok Vihar 01/05/2024 DBAD 450.00 उ मल्लिका HN-99787 1 450.00 Hindi Books

© Delhi Public Library
Hit Counter
free hit counter